La lengua en movimiento : (Registro nro. 13369)

Detalles MARC
000 -LIDER
fixed length control field 01461nam a22003012a 4500
003 - IDENTIFICACDOR DE NÚMERO DE CONTROL
control field DO-SD BPMSU
005 - DATE AND TIME OF LATEST TRANSACTION
control field 20210415130257.0
006 - DATOS DE LONGITUD FIJA / CARACTERÍSTICAS ADICIONALES MATERIAL CHARACTERISTICS
fixed length control field a|||||r|||| 00| 0d
007 - CAMPOS FIJOS DE DESCRIPCIÓN FÍSICA
fixed length control field ta
008 - ELEMENTOS DE LONGITUD FIJA
fixed length control field 210204b 2014 dr 0 spa d
020 ## - ISBN
International Standard Book Number 9789945460575
040 ## - FUENTE DE CATALOGACIÓN
Agencia que crea de manera original el registro BPMSU
Idioma de catalogación spa
Agencia que realiza la transcripción BPMSU
041 ## - CÓDIGOS DE OBRAS TRADUCIDAS O EN VARIOS IDIOMAS
Código del idioma del texto/archivo de sonido o separata
082 ## - NÚMERO DE CLASIFICACIÓN DECIMAL DE DEWEY
Classification number 465
Item number M971L, 2016
Edition number 22
100 1# - ASIENTO PRINCIPAL -- NOMBRE PERSONAL
Nombre personal Muñoz, Orlando
Fechas asociadas con el nombre 1972-
245 13 - MENCIÓN DE TITULO
Título La lengua en movimiento :
Subtítulo manual de teoría y ejercicios de Lengua Española /
Mención de responsabilidad Orlando Muñoz
250 ## - MENCIÓN DE EDICION
Mención de edición 5a. ed.
260 ## - PUBLICACIÓN, DISTRIBUCIÓN, ETC. (PIE DE IMPRENTA)
Lugar de publicación, distribución, etc Santo Domingo :
Nombre del editor, distribuidor, etc. Búho,
Fecha de publicación, distribución, etc 2016
300 ## - DESCRIPCIÓN FÍSICA
Extensión 410, p ;
Dimensiones 23 cm.
500 ## - NOTA GENERAL
Nota general Incluye datos biográficos del autor en la solapa de la cubierta
504 ## - NOTA DE BIBLIOGRAFÍA, ETC.
Bibliography, etc Bibliográfica : p.407410
505 0# - NOTA DE CONTENIDO
Texto normalizado de contenido La comunicación lingüística -- La pragmática lingüística -- La compresión de la lectura -- El estudio de la lengua -- La lengua española en el tiempo -- El español en America y la República Dominicana -- El aspecto oral de la lengua -- El aspecto formal de la lengua -- La sintaxis del español -- Lexicología y semántica del español -- La Expresión escrita -- La ortografía de la lengua española -- Estructura argumentativas y analógicas -- Las figuras lingüísticas del discurso -- Expresiones homófonas y parónimas -- Bibliografía básica.
Campo enlazado y núm. de secuencia
590 ## - NOTA LOCAL
Enlace Inventariado,2021/VM
650 #4 - ENCABEZAMIENTO DE MATERIA--TEMÁTICO
Término temático o nombre geográfico como elemento de entrada Español
Subdivisión temática general Gramática
Subdivisión de forma Manuales
650 #4 - ENCABEZAMIENTO DE MATERIA--TEMÁTICO
Término temático o nombre geográfico como elemento de entrada Español
Subdivisión temática general Enseñanza
Subdivisión de forma Manuales
910 ## - VALIDACIÓN
Validación VMateo
942 ## - ADDED ENTRY ELEMENTS (KOHA)
Source of classification or shelving scheme Dewey Decimal Classification
Koha item type Libros
Existencias
Withdrawn status Lost status Source of classification or shelving scheme Damaged status Not for loan Collection code Home library Current library Date acquired Source of acquisition Full call number Barcode Date last seen Price effective from Koha item type Copy number Total Checkouts
    Dewey Decimal Classification     Colección Dominicana Biblioteca Pública Metropolitana Salomé Ureña Biblioteca Pública Metropolitana Salomé Ureña 04/15/2021 editora Búho BPMSU CD 465 M971L, 2016 BPMSU21040022 04/15/2021 04/15/2021 Libros    
    Dewey Decimal Classification     Colección Dominicana Biblioteca Pública Metropolitana Salomé Ureña Biblioteca Pública Metropolitana Salomé Ureña 04/15/2021 Editora Búho BPMSU CD 465 M971L, 2016 BPMSU21040023 04/15/2021 04/15/2021 Libros e.2  
    Dewey Decimal Classification     Colección Dominicana Biblioteca Pública Metropolitana Salomé Ureña Biblioteca Pública Metropolitana Salomé Ureña 04/15/2021 Editora Búho BPMSU CD 465 M971L, 2016 BPMSU25110122 11/28/2025 04/15/2021 Libros e.3